| 000 | 01842nam0a2200337 4500 | ||
|---|---|---|---|
| 001 | RU\NLR\BIBL_A\012568001 | ||
| 005 | 20250718094858.0 | ||
| 021 |
_aRU _bКН-П-21-015580 _9КН-П-21-1232 |
||
| 035 | _a(NLR Aleph) 012568001 | ||
| 090 |
_a12481922 _c12481922 |
||
| 100 | _a20210721d2020 u y0rusy50 ca | ||
| 101 | 0 | _arus | |
| 102 | _aRU | ||
| 105 | _ay z 000 y | ||
| 181 | 0 |
_ai _baxxe |
|
| 182 | 0 | _an | |
| 200 | 1 |
_aОсуществление надзора в области землеустройства _eучебное пособие _fН.М. Затолокина, О.Ю. Кононова, А.А. Анисимова _gМинистерство науки и высшего образования Российской Федерации, Белгородский государственный технологический университет им. В. Г. Шухова |
|
| 203 |
_aТекст _bвизуальный _cнепосредственный |
||
| 210 |
_aБелгород _cБГТУ _d2020 |
||
| 215 |
_a75, [1] с. _cил. _d20 |
||
| 320 | _aБиблиогр.: с. 72-75 (39 назв.) | ||
| 606 | 1 |
_aЗемлепользование _xКонтроль _xПравовые вопросы _yРоссийская Федерация _jУчебные издания для высших учебных заведений _2nlr_sh1 _2nlr_sh2 _3RU\NLR\AUTH\661286616 |
|
| 686 | 1 | _aХ625.91я73 | |
| 700 | 1 |
_aЗатолокина _bН. М. _gНаталья Михайловна |
|
| 701 | 1 |
_aКононова _bО. Ю. _gОксана Юрьевна |
|
| 701 | 1 |
_aАнисимова _bА. А. _cканд. экон. наук _gАнастасия Александровна _3RU\NLR\AUTH\770282213 _4070 |
|
| 942 | _cBOOK | ||
| 980 | _aNB | ||
| 980 | _aNBR | ||